[Event "Oberliga Sued W 2324"]
[Site "Germany"]
[Date "2023.09.17"]
[Round "1.4"]
[White "Weller, Manuel"]
[Black "Zha, Kevin"]
[Result "1-0"]
[WhiteElo "2255"]
[BlackElo "1895"]
[PlyCount "75"]
[EventDate "2023.09.17"]
[EventType "team-tourn"]
[EventRounds "9"]
[EventCountry "GER"]
[SourceTitle "EXT 2025"]
[Source "ChessBase"]
[SourceDate "2024.10.14"]
[SourceVersion "1"]
[SourceVersionDate "2024.10.14"]
[SourceQuality "1"]
[WhiteTeam "Kaiserslautern"]
[BlackTeam "Saarbruecken SVG"]
[WhiteTeamCountry "GER"]
[BlackTeamCountry "GER"]

1. c4 g6 2. g3 Bg7 3. Bg2 d6 4. Nc3 f5 5. e3 Nf6 6. Nge2 0-0 7. b3 e5 8. d4 Qe8 9. dxe5 dxe5 10. Ba3 Rf7 11. Qc2 Nc6 12. Rd1 Kh8 13. Nd5 e4 14. Nef4 Ne5 15. Nxf6 Bxf6 16. h4 b5 17. c5 a5 18. 0-0 b4 19. Bb2 Ba6 20. Rfe1 Kg8 21. Nd5 Bg7 22. Bxe5 Bxe5 23. Bf1 g5 24. hxg5 Qc6 25. Bxa6 Qxa6 26. c6 Re8 27. Qc5 Bd6 28. Qc1 Re6 29. Rd2 Be5 30. Rc2 Rg7 31. Rd1 Rxg5 32. Nf4 Bxf4 33. Rd8+ Kf7 34. Rd7+ Re7 35. exf4 Rg6 36. Qd2 Rge6 37. Qd5 Rxd7 38. cxd7 1-0

[Event "Oberliga Sued W 2223"]
[Site "Germany"]
[Date "2022.11.27"]
[Round "2.6"]
[White "Schluchter, Steffen"]
[Black "Zha, Kevin"]
[Result "1/2-1/2"]
[WhiteElo "2076"]
[BlackElo "1866"]
[PlyCount "106"]
[EventDate "2022.10.23"]
[EventType "team-tourn"]
[EventRounds "9"]
[EventCountry "GER"]
[SourceTitle "EXT 2025"]
[Source "ChessBase"]
[SourceDate "2024.10.14"]
[SourceVersion "1"]
[SourceVersionDate "2024.10.14"]
[SourceQuality "1"]
[WhiteTeam "Worms"]
[BlackTeam "Saarbruecken SVG"]
[WhiteTeamCountry "GER"]
[BlackTeamCountry "GER"]

1. d4 g6 2. Nf3 Bg7 3. c3 d6 4. Bf4 Nf6 5. e3 h6 6. h3 0-0 7. Be2 c5 8. 0-0 cxd4 9. exd4 Be6 10. Nbd2 Qb6 11. Qc2 Nc6 12. Nc4 Qc7 13. Ne3 Nd5 14. Nxd5 Bxd5 15. Qd2 Kh7 16. Rfe1 Rad8 17. Nh2 e5 18. Be3 f5 19. f3 a6 20. Bf2 Qe7 21. c4 Bf7 22. d5 Nb8 23. Qb4 Rfe8 24. Bd1 b5 25. Bb3 bxc4 26. Qxc4 Rc8 27. Qb4 Nd7 28. Rad1 Nc5 29. Bc4 e4 30. Qa3 a5 31. Bb5 Red8 32. Re2 Be8 33. Bxe8 Rxe8 34. Nf1 Qg5 35. h4 Qd8 36. Bg3 exf3 37. Qxf3 Rxe2 38. Qxe2 Ne4 39. Bf2 Rb8 40. Bd4 Bxd4+ 41. Rxd4 Qb6 42. Qe3 Qxb2 43. Ng3 Rb4 44. Rxb4 Qxb4 45. Nxe4 fxe4 46. Qa7+ Kg8 47. Qe7 Qd4+ 48. Kh2 Qxd5 49. Qe8+ Kg7 50. Qe7+ Qf7 51. Qxd6 g5 52. Qe5+ Qf6 53. Qxe4 Qd6+ 1/2-1/2

[Event "GER-ch Net Amateur Gr-B Vor3"]
[Site "Playchess.com INT"]
[Date "2020.04.16"]
[Round "4"]
[White "Braeutigam, Katerina"]
[Black "Zha, Kevin"]
[Result "0-1"]
[WhiteElo "1493"]
[BlackElo "1665"]
[PlyCount "60"]
[EventDate "2020.04.16"]
[EventType "swiss (blitz)"]
[EventRounds "9"]
[EventCountry "GER"]
[SourceTitle "CBM 195 Extra"]
[Source "ChessBase"]
[SourceDate "2020.05.31"]
[SourceVersion "1"]
[SourceVersionDate "2020.05.31"]
[SourceQuality "1"]

1. e4 g6 2. d4 Bg7 3. g3 d6 4. Bg2 Nf6 5. c4 0-0 6. Nc3 Nc6 7. Nge2 e5 8. d5 Ne7 9. 0-0 Nd7 10. Rb1 f5 11. f3 Nf6 12. b4 fxe4 13. fxe4 Bg4 14. h3 Bd7 15. c5 h6 16. Qb3 Kh7 17. Kh2 Neg8 18. Be3 Qe7 19. a4 a6 20. Rbc1 Rac8 21. Nd1 Kh8 22. Nb2 Nh7 23. Nd3 Ng5 24. Bxg5 Qxg5 25. c6 bxc6 26. dxc6 Be8 27. Rxf8 Bxf8 28. Rf1 Qe7 29. b5 axb5 30. axb5 Nf6 0-1

[Event "GER-ch Net Amateur Gr-B Vor3"]
[Site "Playchess.com INT"]
[Date "2020.04.16"]
[Round "9"]
[White "Haubold, Sebastian Marcel"]
[Black "Zha, Kevin"]
[Result "1-0"]
[WhiteElo "1745"]
[BlackElo "1689"]
[PlyCount "69"]
[EventDate "2020.04.16"]
[EventType "swiss (blitz)"]
[EventRounds "9"]
[EventCountry "GER"]
[SourceTitle "CBM 195 Extra"]
[Source "ChessBase"]
[SourceDate "2020.05.31"]
[SourceVersion "1"]
[SourceVersionDate "2020.05.31"]
[SourceQuality "1"]

1. e4 g6 2. d4 Bg7 3. Be3 d6 4. f4 Nf6 5. Nc3 0-0 6. Nf3 a6 7. g3 b5 8. a3 Bb7 9. d5 c5 10. Bg2 Nbd7 11. 0-0 Nb6 12. Qe2 Nc4 13. b3 Nxe3 14. Qxe3 Ng4 15. Qd2 b4 16. axb4 cxb4 17. Ne2 Qb6+ 18. Ned4 e5 19. dxe6 fxe6 20. Kh1 Bxe4 21. Nxe6 Bc3 22. Qe2 Rfe8 23. Qxe4 Nf2+ 24. Rxf2 Qxf2 25. Rf1 Qb6 26. Qd5 Kh8 27. Nfg5 Ra7 28. f5 h6 29. fxg6 hxg5 30. g7+ Bxg7 31. Nxg7 Kxg7 32. Qxg5+ Kh8 33. Qh5+ Kg7 34. Qg5+ Kh8 35. Rf6 1-0

[Event "GER-ch Net Amateur Gr-B Vor3"]
[Site "Playchess.com INT"]
[Date "2020.04.16"]
[Round "2"]
[White "Zha, Kevin"]
[Black "Bieler, Janek"]
[Result "1-0"]
[WhiteElo "1654"]
[BlackElo "1792"]
[PlyCount "93"]
[EventDate "2020.04.16"]
[EventType "swiss (blitz)"]
[EventRounds "9"]
[EventCountry "GER"]
[SourceTitle "CBM 195 Extra"]
[Source "ChessBase"]
[SourceDate "2020.05.31"]
[SourceVersion "1"]
[SourceVersionDate "2020.05.31"]
[SourceQuality "1"]

1. e4 c6 2. d4 d5 3. e5 Bf5 4. h4 h5 5. Bd3 Bxd3 6. Qxd3 e6 7. Bg5 Be7 8. Nf3 Nd7 9. Nbd2 a6 10. c4 dxc4 11. Nxc4 Qc7 12. 0-0 0-0-0 13. Bxe7 Nxe7 14. Nd6+ Kb8 15. Nxf7 Rhf8 16. Nxd8 Qxd8 17. Ng5 Nxe5 18. Qg3 Qxd4 19. Nxe6 Qd6 20. Nxf8 Nf5 21. Qxe5 Qxe5 22. Nd7+ Kc7 23. Nxe5 Nd4 24. Rad1 Ne2+ 25. Kh2 Nf4 26. Rfe1 Nd5 27. Nc4 b5 28. Ne5 Nf6 29. Rc1 Kb7 30. Rxc6 Ng4+ 31. Nxg4 Kxc6 32. Ne3 Kc5 33. Rc1+ Kd4 34. Rc6 Kd3 35. Rxa6 Ke2 36. Kg3 b4 37. Rg6 b3 38. axb3 Kd3 39. Rxg7 Ke2 40. b4 Ke1 41. b5 Kd2 42. b6 Kd3 43. b7 Ke4 44. b8Q Kd3 45. Qb4 Ke2 46. Qb3 Ke1 47. Qd1# 1-0

[Event "GER-ch Net Amateur Gr-B Vor2"]
[Site "Playchess.com INT"]
[Date "2020.04.15"]
[Round "3"]
[White "Iosif, Daniela"]
[Black "Zha, Kevin"]
[Result "1-0"]
[WhiteElo "1791"]
[BlackElo "1648"]
[PlyCount "75"]
[EventDate "2020.04.15"]
[EventType "swiss (blitz)"]
[EventRounds "9"]
[EventCountry "GER"]
[SourceTitle "CBM 196 Extra"]
[Source "ChessBase"]
[SourceDate "2020.07.31"]
[SourceVersion "1"]
[SourceVersionDate "2020.07.31"]
[SourceQuality "1"]

1. d4 g6 2. c3 Bg7 3. g3 d6 4. Bg2 Nf6 5. Bg5 0-0 6. Bxf6 Bxf6 7. Nd2 Nc6 8. Ngf3 e5 9. dxe5 dxe5 10. e4 Qe7 11. 0-0 Be6 12. Qc2 Rad8 13. Rad1 Rd7 14. b3 Rfd8 15. Rfe1 Bg4 16. Nf1 Bg7 17. Ne3 Be6 18. h4 f5 19. exf5 gxf5 20. Ng5 f4 21. Nxe6 Qxe6 22. Nc4 fxg3 23. fxg3 Qg4 24. Kh2 Rxd1 25. Rxd1 Qxd1 26. Qf5 Qd7 27. Qg5 h6 28. Qg6 Qf7 29. Qc2 Kh8 30. a4 a6 31. Ne3 Rf8 32. Qe4 Qxb3 33. Nd5 Qa3 34. Nxc7 Qxc3 35. Ne6 Rf7 36. Qg6 Kg8 37. Nxg7 Rxg7 38. Qe8+ 1-0

[Event "GER-ch Net Amateur Gr-B Vor2"]
[Site "Playchess.com INT"]
[Date "2020.04.15"]
[Round "5"]
[White "Sauer, Tim"]
[Black "Zha, Kevin"]
[Result "0-1"]
[WhiteElo "1750"]
[BlackElo "1640"]
[PlyCount "90"]
[EventDate "2020.04.15"]
[EventType "swiss (blitz)"]
[EventRounds "9"]
[EventCountry "GER"]
[SourceTitle "CBM 196 Extra"]
[Source "ChessBase"]
[SourceDate "2020.07.31"]
[SourceVersion "1"]
[SourceVersionDate "2020.07.31"]
[SourceQuality "1"]

1. c4 g6 2. Nc3 Bg7 3. g3 d6 4. Bg2 f5 5. d3 e5 6. Rb1 Nf6 7. Bg5 h6 8. Bxf6 Qxf6 9. b4 0-0 10. Nd5 Qd8 11. Nf3 c6 12. Ne3 d5 13. 0-0 e4 14. Nd2 Be6 15. Qc2 Nd7 16. b5 Ne5 17. bxc6 bxc6 18. cxd5 cxd5 19. dxe4 fxe4 20. Rfc1 Qg5 21. h4 Qf6 22. Rf1 Rac8 23. Qa4 Rc7 24. Qa5 Rd7 25. Qb5 Ng4 26. Nxg4 Bxg4 27. e3 Qf7 28. a4 g5 29. hxg5 hxg5 30. Nb3 Rb7 31. Qc5 Rc8 32. Qa3 Bf8 33. Qb2 Rcb8 34. Qc3 Bg7 35. Qc2 Rc8 36. Qd2 Rbc7 37. Nd4 Bf3 38. Nxf3 exf3 39. Bh3 Rc2 40. Qd3 R8c3 41. Qb5 Qh5 42. Qb8+ Kh7 43. Kh2 g4 44. Qf4 Qxh3+ 45. Kg1 Qg2# 0-1

[Event "GER-ch Net blitz qual4"]
[Site "Playchess.com INT"]
[Date "2020.03.23"]
[Round "7"]
[White "Isele, Thomas"]
[Black "Zha, Kevin"]
[Result "1-0"]
[WhiteElo "2040"]
[BlackElo "1851"]
[PlyCount "77"]
[EventDate "2020.03.23"]
[EventType "swiss (blitz)"]
[EventRounds "9"]
[EventCountry "GER"]
[SourceTitle "CBM 195 Extra"]
[Source "ChessBase"]
[SourceDate "2020.05.31"]
[SourceVersion "1"]
[SourceVersionDate "2020.05.31"]
[SourceQuality "1"]

1. e4 g6 2. d4 Bg7 3. c3 d6 4. Nf3 Nf6 5. Bd3 0-0 6. 0-0 Nc6 7. Re1 e5 8. dxe5 dxe5 9. Qc2 Qe7 10. Nbd2 Be6 11. Nf1 Rfd8 12. Bg5 h6 13. Be3 Nd7 14. Ng3 Nc5 15. Be2 f5 16. exf5 e4 17. fxe6 exf3 18. Bxf3 Nd3 19. Red1 Nde5 20. Bd5 Kh7 21. Bb3 a5 22. Rxd8 Rxd8 23. Rd1 Rf8 24. Re1 b5 25. a4 b4 26. Bd2 Qc5 27. Be3 Qe7 28. Ne4 Rf5 29. Bc5 Qh4 30. Ng3 Rf6 31. e7 Ng4 32. h3 Nxf2 33. Bxf2 Nxe7 34. Rxe7 Rxf2 35. Rxg7+ Kxg7 36. Qxf2 Qg5 37. Kh2 h5 38. Qd4+ Kh6 39. Qh8# 1-0

[Event "GER-ch Net blitz qual3"]
[Site "Playchess.com INT"]
[Date "2020.03.21"]
[Round "5"]
[White "Koch, Benjamin1"]
[Black "Zha, Kevin"]
[Result "0-1"]
[WhiteElo "1595"]
[BlackElo "1851"]
[PlyCount "62"]
[EventDate "2020.03.21"]
[EventType "swiss (blitz)"]
[EventRounds "9"]
[EventCountry "GER"]
[SourceTitle "CBM 195 Extra"]
[Source "ChessBase"]
[SourceDate "2020.05.31"]
[SourceVersion "1"]
[SourceVersionDate "2020.05.31"]
[SourceQuality "1"]

1. c4 g6 2. g3 Bg7 3. Bg2 d6 4. Nc3 Nf6 5. d3 0-0 6. Nf3 Nc6 7. Bd2 e5 8. 0-0 Be6 9. Qc1 d5 10. Bh6 d4 11. Bxg7 Kxg7 12. Ne4 Nd7 13. b3 f5 14. Nc5 Nxc5 15. b4 Nd7 16. a3 Qf6 17. Ng5 Bg8 18. Bd5 h6 19. Bxg8 Rxg8 20. Nf3 e4 21. dxe4 fxe4 22. Nd2 Rae8 23. c5 Rgf8 24. Nc4 d3 25. exd3 exd3 26. Qd1 Qf5 27. Nd2 Nd4 28. Qb1 Re2 29. Qb2 Qd5 30. Qc3 Rxd2 31. Qxd2 Nf3+ 0-1

[Event "GER-ch Net blitz qual3"]
[Site "Playchess.com INT"]
[Date "2020.03.21"]
[Round "9"]
[White "Zha, Kevin"]
[Black "Kuhn, Hubert"]
[Result "0-1"]
[WhiteElo "1851"]
[BlackElo "2019"]
[PlyCount "70"]
[EventDate "2020.03.21"]
[EventType "swiss (blitz)"]
[EventRounds "9"]
[EventCountry "GER"]
[SourceTitle "CBM 195 Extra"]
[Source "ChessBase"]
[SourceDate "2020.05.31"]
[SourceVersion "1"]
[SourceVersionDate "2020.05.31"]
[SourceQuality "1"]

1. e4 c6 2. d4 d5 3. e5 Bf5 4. h4 Qc7 5. Nd2 c5 6. g4 Bd7 7. c3 cxd4 8. cxd4 Nc6 9. Nb3 h5 10. g5 Bg4 11. f3 Bf5 12. Bd3 Bxd3 13. Qxd3 e6 14. Bd2 Nge7 15. Rc1 Nf5 16. Ne2 Qb6 17. Kf2 Nxe5 18. Qc2 Nc6 19. Bc3 Bd6 20. a4 a5 21. Rcd1 g6 22. Rd2 0-0 23. f4 Rfc8 24. Kf3 Bb4 25. Qd3 Nd6 26. Ng3 Nc4 27. Bxb4 Nxb4 28. Rdd1 Nxd3 29. Rxd3 Nxb2 30. f5 Nxd3 31. Nd2 Qxd4 32. Rf1 Rc2 33. Rd1 Qf4+ 34. Kg2 Qf2+ 35. Kh3 Nf4# 0-1

[Event "GER-chT Lands U20"]
[Site "Wuerzburg"]
[Date "2019.10.02"]
[Round "1.10"]
[White "Zha, Kevin"]
[Black "Karsay, Pascal"]
[Result "0-1"]
[WhiteElo "1923"]
[BlackElo "2276"]
[PlyCount "64"]
[EventDate "2019.10.01"]
[EventType "team-swiss"]
[EventRounds "7"]
[EventCountry "GER"]
[SourceTitle "EXT 2020"]
[Source "ChessBase"]
[SourceDate "2019.10.17"]
[SourceVersion "1"]
[SourceVersionDate "2019.10.17"]
[SourceQuality "1"]
[WhiteTeam "Saarland"]
[BlackTeam "Rheinland Pfalz"]
[WhiteTeamCountry "GER"]
[BlackTeamCountry "GER"]

1. e4 e5 2. Nf3 Nc6 3. d4 exd4 4. Nxd4 Nf6 5. Nxc6 bxc6 6. e5 Qe7 7. Qe2 Nd5 8. h4 f6 9. c4 Ba6 10. Rh3 fxe5 11. Bg5 Nf6 12. Re3 0-0-0 13. Rxe5 Qf7 14. Nd2 d5 15. 0-0-0 h6 16. Bxf6 gxf6 17. Re3 f5 18. Qf3 Bb4 19. Re5 Rhe8 20. Rxe8 Rxe8 21. Nb3 Bd6 22. Bd3 Re5 23. c5 Bxd3 24. Qxd3 Be7 25. Qa6+ Kd7 26. Nd4 Qf6 27. f4 Re4 28. Nf3 Rxf4 29. Qd3 Bxc5 30. g3 Re4 31. g4 Re3 32. Qf1 fxg4 0-1

[Event "Oberliga Sued W 1920"]
[Site "Germany"]
[Date "2019.09.29"]
[Round "1.8"]
[White "Erlekam, Simon"]
[Black "Zha, Kevin"]
[Result "0-1"]
[WhiteElo "1881"]
[BlackElo "1923"]
[PlyCount "36"]
[EventDate "2019.09.29"]
[EventType "team-tourn"]
[EventRounds "9"]
[EventCountry "GER"]
[SourceTitle "EXT 2021"]
[Source "ChessBase"]
[SourceDate "2020.10.23"]
[SourceVersion "1"]
[SourceVersionDate "2020.10.23"]
[SourceQuality "1"]

1. e4 g6 2. d4 Bg7 3. f4 c5 4. c3 cxd4 5. cxd4 Qb6 6. Nf3 Nc6 7. e5 Nh6 8. d5 Nb4 9. a3 Na6 10. Nc3 0-0 11. Bd3 d6 12. Qe2 Nc5 13. Be3 Qxb2 14. Rc1 Nxd3+ 15. Qxd3 Qxg2 16. Rf1 Ng4 17. Bd4 Bf5 18. Qb5 a6 0-1

[Event "GER-chT U16"]
[Site "Walldorf"]
[Date "2017.12.29"]
[Round "6.3"]
[White "Reindl, Jork"]
[Black "Zha, Kevin"]
[Result "1/2-1/2"]
[WhiteElo "1648"]
[BlackElo "1688"]
[PlyCount "150"]
[EventDate "2017.12.26"]
[EventType "team-swiss"]
[EventRounds "7"]
[EventCountry "GER"]
[SourceTitle "CBM 182 Extra"]
[Source "ChessBase"]
[SourceDate "2018.02.23"]
[SourceVersion "1"]
[SourceVersionDate "2018.02.23"]
[SourceQuality "1"]
[WhiteTeam "Schwaebisch Gmuend"]
[BlackTeam "Saarbruecken"]
[WhiteTeamCountry "GER"]
[BlackTeamCountry "GER"]

1. e4 d5 2. exd5 Qxd5 3. Nc3 Qd6 4. Nf3 Nf6 5. d4 a6 6. Be3 b5 7. Bd3 Bb7 8. h3 e6 9. a3 Be7 10. Be2 0-0 11. 0-0 Nbd7 12. Qc1 Rfd8 13. Rd1 Rac8 14. Nh2 Nd5 15. Nxd5 Bxd5 16. Bf3 Nb6 17. b3 h6 18. Bf4 Qc6 19. Bxd5 Nxd5 20. Be5 f6 21. Bg3 Nc3 22. Re1 Rxd4 23. Qe3 e5 24. Qf3 Qxf3 25. Nxf3 Rd7 26. Re3 Nd5 27. Re2 Rcd8 28. Ree1 Bc5 29. a4 Nc3 30. axb5 e4 31. Nh2 axb5 32. Nf1 Bb6 33. Ne3 g6 34. Ng4 Kg7 35. Bf4 h5 36. Ne3 g5 37. Bh2 Kg6 38. g4 Rd2 39. Kf1 hxg4 40. hxg4 Rh8 41. Bg3 Rh1+ 42. Kg2 Rxe1 43. Rxe1 Bxe3 44. Rxe3 Rxc2 45. Re1 c6 46. Ra1 Ne2 47. Re1 Nxg3 48. Kxg3 Rc3+ 49. Kg2 Rxb3 50. Rxe4 b4 51. Rc4 Rb1 52. Rxc6 b3 53. Rb6 b2 54. f3 Kf7 55. Kh2 Ke7 56. Kg2 Kd7 57. Rb7+ Kc6 58. Rb8 Kd6 59. Rb5 Kc6 60. Rb8 Kc5 61. Rc8+ Kd4 62. Rd8+ Ke3 63. Re8+ Kd2 64. Rd8+ Ke3 65. Re8+ Kd4 66. Rd8+ Ke5 67. Re8+ Kd6 68. Rb8 Ke7 69. Rb7+ Ke8 70. Rb8+ Kf7 71. Rb7+ Kg6 72. Rb6 Kf7 73. Rb7+ Ke6 74. Rb6+ Ke5 75. Rb8 Kd4 1/2-1/2

[Event "GER-chT U16"]
[Site "Walldorf"]
[Date "2017.12.27"]
[Round "1.3"]
[White "Zha, Kevin"]
[Black "Fidlin, Simon"]
[Result "1/2-1/2"]
[WhiteElo "1688"]
[BlackElo "1841"]
[PlyCount "72"]
[EventDate "2017.12.26"]
[EventType "team-swiss"]
[EventRounds "7"]
[EventCountry "GER"]
[SourceTitle "CBM 182 Extra"]
[Source "ChessBase"]
[SourceDate "2018.02.23"]
[SourceVersion "1"]
[SourceVersionDate "2018.02.23"]
[SourceQuality "1"]
[WhiteTeam "Saarbruecken"]
[BlackTeam "Karlsruhe SF"]
[WhiteTeamCountry "GER"]
[BlackTeamCountry "GER"]

1. e4 c5 2. Nf3 e6 3. d4 cxd4 4. Nxd4 a6 5. Bd3 Bc5 6. Nb3 Ba7 7. Nc3 Nc6 8. 0-0 d6 9. Qe2 Nge7 10. Be3 b5 11. Rad1 Bb7 12. Bxa7 Nxa7 13. f4 b4 14. Nb1 0-0 15. Kh1 Nac6 16. f5 a5 17. fxe6 fxe6 18. Rxf8+ Qxf8 19. Bc4 d5 20. exd5 exd5 21. Bxd5+ Nxd5 22. Qe6+ Kh8 23. Qxd5 Rd8 24. Qh5 g6 25. Rxd8 Qxd8 26. Qe2 Ba6 27. Qe1 Qd5 28. N1d2 a4 29. Nc1 Nd4 30. c3 bxc3 31. bxc3 Bb7 32. Qe8+ Kg7 33. Qe7+ Kg8 34. Qe8+ Kg7 35. Qe7+ Kg8 36. Qe8+ Kg7 1/2-1/2